All Indiana Cities on a Map - Statistics

General Stats
  • This quiz has been taken 17 times
  • The average score is 60 of 953
Answers on the Map
Answers color-coded by a green-red scale on the quiz's map according to % correct below.
 
Answer Stats
City Population % Correct
Carmel 103,606
100%
Evansville 115,395
100%
Fort Wayne 273,203
100%
Gary 67,555
100%
Indianapolis 900,896
100%
Fishers 103,986
92%
South Bend 103,713
92%
Anderson 55,851
77%
Bloomington 79,986
69%
Hammond 76,030
69%
Kokomo 60,093
69%
Lafayette 71,757
69%
Columbus 51,970
62%
Elkhart 53,690
62%
Greenwood 68,175
62%
Jefferson 169
62%
Jeffersonville 52,912
62%
Michigan City 31,466
62%
Muncie 65,320
62%
Noblesville 75,239
62%
Richmond 35,561
62%
Terre Haute 58,531
62%
East Chicago 25,768
54%
West Lafayette 46,338
54%
Zionsville 33,161
54%
Franklin 26,158
46%
Logansport 18,168
46%
Madison 12,108
46%
Mishawaka 51,020
46%
Peru 11,003
46%
Shelby 259
46%
Speedway 14,268
46%
Valparaiso 35,065
46%
Brownsburg 33,430
38%
Crown Point 35,097
38%
Goshen 34,458
38%
Greenfield 26,268
38%
Lawrence 49,817
38%
Marion 28,577
38%
New Albany 37,652
38%
Shelbyville 20,845
38%
Vincennes 16,506
38%
Wabash 10,275
38%
Westfield 62,994
38%
Albany 2,291
31%
Auburn 13,989
31%
Crawfordsville 16,594
31%
Danville 12,532
31%
Decatur 10,072
31%
Greenville 1,448
31%
Jasper 16,967
31%
Knox 3,630
31%
La Porte 22,444
31%
Merrillville 36,989
31%
Monroe 900
31%
Plainfield 37,796
31%
Portage 38,576
31%
Rochester 6,110
31%
Scott 98
31%
Sheridan 3,487
31%
Sullivan 4,240
31%
Warsaw 16,111
31%
Washington 12,881
31%
Adams 105
23%
Angola 9,432
23%
Atlanta 737
23%
Avon 24,735
23%
Bedford 13,853
23%
Benton 394
23%
Brazil 8,239
23%
Chesterfield 2,519
23%
Clayton 949
23%
Clinton 4,802
23%
Cumberland 7,211
23%
Ellettsville 6,829
23%
Frankfort 16,459
23%
French Lick 1,753
23%
Gas City 6,091
23%
Hartford City 5,927
23%
Hobart 29,418
23%
Johnson 337
23%
Lebanon 17,608
23%
Lincoln 167
23%
Martinsville 11,952
23%
Miami 573
23%
Mount Vernon 6,341
23%
New Castle 17,382
23%
New Haven 16,200
23%
Plymouth 11,042
23%
Porter 5,190
23%
Richland 416
23%
Santa Claus 2,657
23%
Seymour 22,524
23%
St. John 24,250
23%
Tipton 5,285
23%
Union City 3,435
23%
Warren 1,198
23%
Webster 149
23%
Alexandria 5,211
15%
Arcadia 1,464
15%
Arlington 491
15%
Attica 3,247
15%
Beech Grove 14,566
15%
Brook 942
15%
Butler 2,669
15%
Center 436
15%
Centerville 2,769
15%
Chesterton 14,655
15%
Cicero 5,607
15%
Clarksville 22,041
15%
Dale 1,532
15%
Daleville 1,711
15%
Delphi 3,018
15%
Dyer 16,341
15%
Eaton 1,594
15%
Fortville 4,927
15%
Fountain City 698
15%
Fulton 290
15%
Geneva 1,563
15%
Greencastle 9,907
15%
Greensburg 12,317
15%
Hamilton 1,555
15%
Huntertown 11,481
15%
Huntington 17,033
15%
Independence 37
15%
Ingalls 2,627
15%
Jonesville 179
15%
Lagrange 2,757
15%
Lapel 2,516
15%
Lawrenceburg 5,216
15%
Leesburg 550
15%
Lewis 583
15%
Marshall 277
15%
Middletown 2,270
15%
Morgantown 998
15%
Nashville 1,264
15%
New Harmony 686
15%
New Whiteland 5,842
15%
Notre Dame 6,754
15%
Ogden Dunes 1,172
15%
Orleans 2,077
15%
Osceola 2,600
15%
Pendleton 5,758
15%
Petersburg 2,269
15%
Rushville 6,208
15%
Schererville 29,780
15%
Scottsburg 7,413
15%
Southport 2,081
15%
St. Paul 966
15%
Vernon 234
15%
Versailles 2,188
15%
Whiteland 5,511
15%
Whiting 4,491
15%
Yorktown 11,900
15%
Zanesville 593
15%
Akron 1,091
8%
Albion 2,254
8%
Amboy 310
8%
Aurora 3,515
8%
Austin 4,156
8%
Bargersville 11,283
8%
Batesville 7,353
8%
Berne 4,310
8%
Bloomfield 2,297
8%
Bluffton 10,556
8%
Boonville 6,687
8%
Boston 152
8%
Bremen 4,603
8%
Brooklyn 2,595
8%
Buffalo 814
8%
Burlington 530
8%
Burns Harbor 2,147
8%
Cambridge City 1,736
8%
Camden 609
8%
Canton 144
8%
Carrollton 411
8%
Cass 58
8%
Cedar Lake 16,404
8%
Charlottesville 403
8%
Cloverdale 2,172
8%
Colfax 703
8%
Columbia City 10,185
8%
Connersville 13,282
8%
Converse 1,125
8%
Cory 108
8%
Corydon 3,153
8%
Cowan 110
8%
Darlington 720
8%
Dayton 1,372
8%
Delaware 438
8%
Dune Acres 231
8%
Dunkirk 2,106
8%
Dunlap 6,602
8%
Eden 45
8%
Edgewood 2,077
8%
Edinburgh 4,478
8%
Elnora 629
8%
Elwood 8,495
8%
Etna Green 578
8%
Fairland 540
8%
Floyds Knobs 4,557
8%
Frankton 1,817
8%
Fremont 2,065
8%
Gaston 806
8%
Georgetown 3,837
8%
Granger 30,279
8%
Greensboro 125
8%
Greentown 2,405
8%
Hanover 3,827
8%
Hobbs 67
8%
Hope 2,166
8%
Hortonville 186
8%
Ireland 63
8%
Judson 29
8%
Kendallville 10,326
8%
Lake View 36
8%
Lakewood 530
8%
Laotto 245
8%
Ligonier 4,650
8%
Lizton 507
8%
London 45
8%
Loogootee 2,617
8%
Losantville 219
8%
Lowell 11,449
8%
Lyons 635
8%
McCordsville 11,744
8%
Memphis 928
8%
Mentone 925
8%
Mexico 1,122
8%
Michiana Shores 305
8%
Middlebury 3,847
8%
Midland 131
8%
Milan 1,831
8%
Mitchell 3,964
8%
Monon 1,929
8%
Monroeville 1,343
8%
Monrovia 2,322
8%
Montgomery 784
8%
Mooresville 10,027
8%
Mount Etna 114
8%
Munster 23,634
8%
New Palestine 3,621
8%
Odon 1,386
8%
Ora 136
8%
Orland 392
8%
Ossian 3,438
8%
Oxford 1,182
8%
Palestine 925
8%
Parker City 1,271
8%
Philadelphia 381
8%
Pittsboro 4,288
8%
Pittsburg 208
8%
Portland 6,233
8%
Poseyville 968
8%
Princeton 8,481
8%
Pulaski 75
8%
Remington 1,367
8%
Russellville 314
8%
Sandusky 26
8%
Scotland 64
8%
Sellersburg 10,057
8%
Selma 744
8%
Shipshewana 852
8%
Shirley 840
8%
Shoals 676
8%
Somerset 241
8%
Spartanburg 55
8%
Spencer 2,500
8%
Spring Lake 215
8%
Springport 134
8%
State Line City 123
8%
Stilesville 276
8%
Sweetser 1,072
8%
Syracuse 3,236
8%
Taylorsville 978
8%
Tell City 7,515
8%
Tippecanoe 383
8%
Topeka 1,226
8%
Trafalgar 1,607
8%
Troy 367
8%
Ulen 115
8%
Upland 3,819
8%
Waldron 729
8%
Wallace 81
8%
Walton 980
8%
Waynesville 113
8%
West Baden Springs 646
8%
West Terre Haute 2,153
8%
Westwood 555
8%
Whitestown 14,564
8%
Williams 209
8%
Winchester 4,800
8%
Wingate 249
8%
Aberdeen 1,761
0%
Abington 208
0%
Adams Lake 284
0%
Advance 512
0%
Alamo 67
0%
Alford 227
0%
Alfordsville 66
0%
Alton 30
0%
Altona 219
0%
Ambia 234
0%
Americus 56
0%
Amity 338
0%
Amo 426
0%
Andersonville 180
0%
Andrews 1,061
0%
Anoka 400
0%
Antioch 182
0%
Arcola 139
0%
Ardmore 1,807
0%
Argos 1,750
0%
Arthur 311
0%
Ashley 1,041
0%
Avilla 2,494
0%
Avoca 344
0%
Azalia 31
0%
Bainbridge 710
0%
Barbee 1,298
0%
Bass Lake 1,067
0%
Battle Ground 1,904
0%
Bear Lake 118
0%
Beaver Dam 189
0%
Belleville 536
0%
Bennetts Switch 381
0%
Bethany 97
0%
Bethel Village 545
0%
Beverly Shores 602
0%
Bicknell 2,999
0%
Big Lake 430
0%
Billtown 170
0%
Bippus 92
0%
Birdseye 410
0%
Blairsville 162
0%
Blanford 154
0%
Blocher 63
0%
Bloomingdale 274
0%
Blooming Grove 134
0%
Blountsville 97
0%
Blue Ridge 201
0%
Boggstown 563
0%
Boone Grove 24
0%
Borden 816
0%
Boswell 811
0%
Bourbon 1,671
0%
Bowling Green 289
0%
Boxley 92
0%
Bretzville 165
0%
Bridgeton 68
0%
Bright 5,735
0%
Brimfield 251
0%
Bringhurst 70
0%
Bristol 1,805
0%
Brooksburg 70
0%
Brookston 1,640
0%
Brookville 2,655
0%
Browns Crossing 731
0%
Brownstown 3,077
0%
Brownsville 255
0%
Bruceville 449
0%
Bryant 237
0%
Buck Creek 75
0%
Buckskin 54
0%
Bunker Hill 816
0%
Burket 125
0%
Burnett 124
0%
Burnettsville 391
0%
Burns City 58
0%
Burrows 106
0%
Butlerville 149
0%
Cadiz 161
0%
Campbellsburg 539
0%
Canaan 205
0%
Cannelburg 176
0%
Cannelton 1,498
0%
Carbon 258
0%
Carlisle 615
0%
Cartersburg 67
0%
Carthage 916
0%
Cassville 185
0%
Cates 110
0%
Cayuga 954
0%
Cedar Grove 146
0%
Celestine 398
0%
Centenary 74
0%
Center Point 211
0%
Centerton 235
0%
Chain-O-Lakes 427
0%
Chalmers 523
0%
Chandler 3,914
0%
Charlestown 8,559
0%
Chili 48
0%
Chrisney 474
0%
Churubusco 1,857
0%
Clarksburg 90
0%
Clarks Hill 619
0%
Clay City 884
0%
Claypool 395
0%
Clear Lake 358
0%
Clifford 211
0%
Cloverland 279
0%
Coal City 138
0%
Coalmont 290
0%
Coatesville 573
0%
Coesse 128
0%
Colburn 144
0%
Commiskey 132
0%
Cordry Sweetwater Lakes 1,200
0%
Cortland 59
0%
Corunna 239
0%
Country Club Heights 97
0%
Country Squire Lakes 3,211
0%
Covington 2,751
0%
Craigville 199
0%
Crandall 138
0%
Crane 164
0%
Cree Lake 241
0%
Cromwell 484
0%
Cross Plains 44
0%
Crothersville 1,517
0%
Culver 1,220
0%
Cutler 100
0%
Cynthiana 554
0%
Dana 552
0%
Darmstadt 1,418
0%
Decker 198
0%
Deer Creek 211
0%
De Motte 4,279
0%
Denver 466
0%
Depauw 98
0%
Deputy 11
0%
Dillsboro 1,387
0%
Donaldson 44
0%
Dover Hill 64
0%
Dresser 47
0%
Dublin 677
0%
Dubois 399
0%
Dugger 795
0%
Duneland Beach 140
0%
Dunreith 170
0%
Dupont 338
0%
Earl Park 364
0%
East Enterprise 179
0%
East Germantown 259
0%
East Oolitic 123
0%
Eckerty 103
0%
Economy 147
0%
Edwardsport 280
0%
Elberfeld 669
0%
Elizabeth 201
0%
Elizabethtown 417
0%
Elizaville 37
0%
Elrod 11
0%
Eminence 85
0%
Emison 48
0%
Enchanted Hills 867
0%
English 688
0%
Eugene 172
0%
Everton 624
0%
Fairbanks 324
0%
Fairmount 2,666
0%
Fair Oaks 268
0%
Fairview 156
0%
Fairview Park 1,417
0%
Farmersburg 1,066
0%
Farmland 1,260
0%
Ferdinand 2,188
0%
Fillmore 552
0%
Fishersburg 142
0%
Fish Lake 954
0%
Flat Rock 215
0%
Flora 2,117
0%
Florence 50
0%
Folsomville 121
0%
Fontanet 187
0%
Forest 281
0%
Fort Branch 2,935
0%
Foster 128
0%
Fountaintown 137
0%
Fowler 2,385
0%
Fowlerton 273
0%
Foxcliff Estates 1,693
0%
Francesville 823
0%
Francisco 536
0%
Fredericksburg 43
0%
Freelandville 776
0%
Freetown 266
0%
Galena 1,618
0%
Galveston 1,275
0%
Garrett 6,663
0%
Gentryville 258
0%
Gilmer Park 929
0%
Glenwood 242
0%
Glezen 243
0%
Goldsmith 239
0%
Goodland 971
0%
Gosport 858
0%
Grabill 1,162
0%
Grammer 298
0%
Grandview 705
0%
Grandview Lake 319
0%
Grantsburg 175
0%
Grayford 159
0%
Graysville 16
0%
Greendale 4,581
0%
Green Hill 174
0%
Greens Fork 329
0%
Griffin 142
0%
Griffith 16,192
0%
Grissom AFB 2,882
0%
Groveland 217
0%
Grovertown 121
0%
Gwynneville 202
0%
Hagerstown 1,684
0%
Hamburg 22
0%
Hamlet 780
0%
Hanna 490
0%
Hardinsburg 188
0%
Harlan 1,333
0%
Harmony 673
0%
Harrison Lake 193
0%
Harrodsburg 315
0%
Hartsville 321
0%
Hartz Lake 291
0%
Hashtown 84
0%
Hatfield 442
0%
Haubstadt 1,621
0%
Hayden 300
0%
Haysville 179
0%
Hazleton 197
0%
Hebron 3,746
0%
Hedrick 116
0%
Helmer 19
0%
Helmsburg 322
0%
Heltonville 20
0%
Hemlock 137
0%
Henryville 1,804
0%
Herbst 323
0%
Heritage Lake 2,913
0%
Hessen Cassel 176
0%
Hidden Valley 5,625
0%
Highland 28,685
0%
Hillisburg 96
0%
Hillsboro 509
0%
Hillsdale 195
0%
Hoagland 886
0%
Hoffman Lake 336
0%
Holiday Woods 110
0%
Holland 604
0%
Holton 426
0%
Homer 190
0%
Howe 887
0%
Hudson 592
0%
Hudson Lake 1,245
0%
Huntingburg 6,512
0%
Huron 231
0%
Hymera 661
0%
Idaville 391
0%
Indian Village 115
0%
Jalapa 68
0%
Jamestown 964
0%
Jasonville 2,003
0%
Jerome 31
0%
Jimmerson Lake 1,076
0%
Jonesboro 1,506
0%
Judah 176
0%
Judyville 118
0%
Kempton 280
0%
Kennard 451
0%
Kentland 1,626
0%
Kewanna 560
0%
Keystone 92
0%
Kimmell 459
0%
Kingman 565
0%
Kingsbury 186
0%
Kingsford Heights 1,323
0%
Kirklin 710
0%
Knightstown 2,158
0%
Knightsville 694
0%
Koontz Lake 1,217
0%
Kouts 2,058
0%
Kramer 51
0%
Laconia 74
0%
La Crosse 558
0%
Ladoga 1,096
0%
La Fontaine 802
0%
Lagro 348
0%
Lake Bruce 196
0%
Lake Cicott 35
0%
Lake Dalecarlia 1,421
0%
Lake Eliza 725
0%
Lake Everett 154
0%
Lake Holiday 1,072
0%
Lake Holiday Hideaway 445
0%
Lake of the Woods 658
0%
Lake Santee 1,051
0%
Lakes of the Four Seasons 7,338
0%
Lake Station 13,033
0%
Laketon 532
0%
Lake Village 533
0%
Lakeville 878
0%
Lamb 193
0%
Landess 62
0%
Lanesville 939
0%
La Paz 463
0%
Larwill 276
0%
Laud 99
0%
Laurel 412
0%
Lawrenceport 28
0%
Leavenworth 286
0%
Leiters Ford 194
0%
Leo-Cedarville 3,761
0%
Leopold 129
0%
Letts 53
0%
Lewisville 340
0%
Liberty 1,981
0%
Liberty Center 409
0%
Liberty Mills 159
0%
Libertyville 77
0%
Linden 726
0%
Linn Grove 238
0%
Linnsburg 46
0%
Linton 5,281
0%
Little York 191
0%
Livonia 102
0%
Long Beach 1,168
0%
Lucerne 82
0%
Lyford 557
0%
Lynn 946
0%
Lynnville 874
0%
Mace 127
0%
Mackey 129
0%
Macy 194
0%
Malden 235
0%
Manilla 332
0%
Maples 101
0%
Marengo 821
0%
Mariah Hill 103
0%
Marietta 137
0%
Markle 1,089
0%
Markleville 489
0%
Marshfield 84
0%
Martinsburg 150
0%
Matthews 485
0%
Mauckport 45
0%
Maxwell 339
0%
Mays 122
0%
Mecca 278
0%
Medaryville 556
0%
Medora 647
0%
Mellott 175
0%
Melody Hill 3,435
0%
Merom 209
0%
Merriam 309
0%
Metamora 402
0%
Metz 26
0%
Michigantown 423
0%
Mier 142
0%
Milford 1,765
0%
Millersburg 957
0%
Millgrove 27
0%
Millhousen 147
0%
Milltown 804
0%
Milroy 629
0%
Milton 438
0%
Mineral Springs 768
0%
Modoc 158
0%
Mongo 308
0%
Monroe City 489
0%
Monterey 189
0%
Montezuma 926
0%
Monticello 5,519
0%
Montmorenci 68
0%
Montpelier 1,502
0%
Mooreland 342
0%
Moores Hill 696
0%
Morocco 1,081
0%
Morris 641
0%
Morristown 1,197
0%
Mount Auburn 126
0%
Mount Ayr 116
0%
Mount Carmel 78
0%
Mount Summit 349
0%
Mulberry 1,222
0%
Napoleon 238
0%
Nappanee 6,902
0%
Needmore 307
0%
New Amsterdam 16
0%
Newbern 164
0%
Newberry 159
0%
Newburgh 3,430
0%
New Carlisle 1,913
0%
New Chicago 1,976
0%
New Goshen 649
0%
New Lebanon 206
0%
New Lisbon 23
0%
New London 179
0%
New Marion 26
0%
New Market 558
0%
New Middletown 89
0%
New Paris 1,630
0%
New Pekin 1,333
0%
New Point 316
0%
Newport 412
0%
New Richmond 315
0%
New Ross 312
0%
New Salisbury 518
0%
Newtonville 151
0%
Newtown 219
0%
New Trenton 329
0%
New Washington 432
0%
Nineveh 694
0%
North Grove 16
0%
North Judson 1,814
0%
North Liberty 1,632
0%
North Manchester 5,237
0%
North Salem 474
0%
North Terre Haute 4,396
0%
North Vernon 6,565
0%
North Webster 999
0%
Norway 307
0%
Nyona Lake 219
0%
Oakland City 2,269
0%
Oaktown 580
0%
Oakville 249
0%
Oldenburg 647
0%
Ontario 221
0%
Onward 76
0%
Oolitic 1,136
0%
Orestes 341
0%
Osgood 1,590
0%
Oswego 284
0%
Otisco 110
0%
Otterbein 1,141
0%
Otter Lake 297
0%
Otwell 430
0%
Owensburg 231
0%
Owensville 1,332
0%
Painted Hills 983
0%
Palmyra 905
0%
Paoli 3,617
0%
Paragon 572
0%
Paris Crossing 15
0%
Parkers Settlement 573
0%
Patoka 709
0%
Patricksburg 290
0%
Patriot 208
0%
Paxton 320
0%
Pennville 616
0%
Peppertown 83
0%
Perkinsville 98
0%
Perrysville 461
0%
Petersville 128
0%
Petroleum 83
0%
Pierceton 931
0%
Pierceville 108
0%
Pine Village 211
0%
Plainville 491
0%
Pleasant Lake 803
0%
Pleasant Mills 130
0%
Pleasant View 590
0%
Pleasant View Village 741
0%
Pleasantville 126
0%
Point Isabel 70
0%
Poland 92
0%
Poneto 176
0%
Pottawattamie Park 235
0%
Prairie Creek 297
0%
Prairieton 449
0%
Preble 117
0%
Prince's Lakes 1,372
0%
Prospect 102
0%
Putnamville 2,126
0%
Raglesville 119
0%
Ragsdale 131
0%
Rainsville 21
0%
Ramsey 478
0%
Raub 128
0%
Reddington 380
0%
Redkey 1,075
0%
Rensselaer 5,632
0%
Reo 502
0%
Reynolds 533
0%
Ridgeville 687
0%
Riley 238
0%
Rising Sun 2,219
0%
River Forest 26
0%
Riverwood 87
0%
Roachdale 871
0%
Roann 436
0%
Roanoke 1,796
0%
Rob Roy 77
0%
Rockfield 192
0%
Rockford 761
0%
Rockport 1,989
0%
Rockville 2,589
0%
Roll 164
0%
Rolling Prairie 389
0%
Rome City 1,315
0%
Romney 561
0%
Rosedale 653
0%
Roseland 853
0%
Roselawn 3,231
0%
Rossville 1,513
0%
Royal Center 793
0%
Royerton 327
0%
Russiaville 1,314
0%
Salamonia 147
0%
Salem 6,463
0%
Saline City 12
0%
Salt Creek Commons 1,973
0%
Saltillo 101
0%
Sandborn 360
0%
San Pierre 489
0%
Saratoga 230
0%
Sardinia 115
0%
Saugany Lake 171
0%
Schaefer Lake 245
0%
Schneider 262
0%
Schnellville 137
0%
Scipio 218
0%
Scircleville 83
0%
Seelyville 1,005
0%
Servia 92
0%
Shadeland 1,839
0%
Shamrock Lakes 216
0%
Sharpsville 540
0%
Shelburn 1,111
0%
Shepardsville 86
0%
Shipshewana Lake 325
0%
Shorewood Forest 3,030
0%
Sidney 129
0%
Silver Lake 873
0%
Simonton Lake 4,113
0%
Sims 117
0%
Smithville-Sanders 3,228
0%
Snow Lake 497
0%
Solsberry 182
0%
Somerville 246
0%
South Center 101
0%
South Haven 7,177
0%
South Milford 243
0%
South Whitley 1,849
0%
Spencerville 322
0%
Spiceland 963
0%
Spring Grove 332
0%
Spurgeon 168
0%
Stanford 463
0%
St. Anthony 204
0%
Star City 211
0%
Staunton 468
0%
St. Bernice 585
0%
Stendal 138
0%
Stewartsville 184
0%
Stillwell 10
0%
Stinesville 202
0%
St. Joe 417
0%
St. Leon 669
0%
St. Mary of the Woods 869
0%
St. Meinrad 604
0%
Stockwell 364
0%
St. Omer 46
0%
Stone Bluff 157
0%
Straughn 260
0%
Stroh 284
0%
St. Wendel 1,120
0%
Sulphur Springs 335
0%
Sumava Resorts 73
0%
Summitville 1,004
0%
Sunman 932
0%
Swayzee 905
0%
Switz City 274
0%
Talma 154
0%
Taswell 64
0%
Tecumseh 870
0%
Teegarden 34
0%
Templeton 10
0%
Tennyson 225
0%
Thayer 447
0%
Thorntown 1,428
0%
Toad Hop 42
0%
Tocsin 269
0%
Town of Pines 592
0%
Trail Creek 2,010
0%
Tri-Lakes 1,070
0%
Tunnelton 104
0%
Twelve Mile 355
0%
Tyner 224
0%
Underwood 1,140
0%
Uniondale 276
0%
Union Mills 159
0%
Universal 284
0%
Urbana 110
0%
Utica 1,254
0%
Vallonia 387
0%
Van Bibber Lake 483
0%
Van Buren 786
0%
Veedersburg 2,096
0%
Velpen 23
0%
Vera Cruz 70
0%
Vevay 1,762
0%
Vicksburg 185
0%
Vistula 45
0%
Wadesville 778
0%
Wakarusa 2,006
0%
Walesboro 233
0%
Walkerton 2,098
0%
Wall Lake 256
0%
Wanatah 980
0%
Warrington 51
0%
Waterloo 2,157
0%
Waveland 439
0%
Waverly 1,006
0%
Wawaka 102
0%
Waynetown 974
0%
Wellsboro 532
0%
West College Corner 512
0%
West Harrison 332
0%
West Lebanon 684
0%
West Middleton 194
0%
Westphalia 34
0%
West Point 231
0%
Westport 1,391
0%
Westville 5,260
0%
Wheatfield 924
0%
Wheatland 392
0%
Wheeler 135
0%
Whitewater 71
0%
Wildwood 191
0%
Wilkinson 418
0%
Williamsburg 473
0%
Williamsport 1,953
0%
Willow Branch 129
0%
Winamac 2,351
0%
Windfall City 678
0%
Winfield 8,557
0%
Winona Lake 5,107
0%
Winslow 761
0%
Wolcott 952
0%
Wolcottville 1,036
0%
Wolflake 337
0%
Woodburn 1,613
0%
Woodlawn Heights 90
0%
Wooster 168
0%
Worthington 1,406
0%
Wyatt 216
0%
Yeoman 120
0%
Young America 298
0%
No matching quizzes found
Score Distribution
Percent of People with Each Score
Percentile by Number Answered
Your Score History
You have not taken this quiz